00321nam a2200109Ia 4500008004100000082000800041100001700049245002900066942000600095952009500101999001500196240331s9999 xx 000 0 und d bILL aWijesuriya,S 0aIlankai naadar kathaikal cL 001040708LaWERCLbWERCLcSSCd2024-03-31l0o 398 ILLp3670r2024-03-31w2024-03-31yL c3618d3618